Clairières dans le ciel (Record no. 186445)

MARC details
000 -LEADER
campo de control de longitud fija 00784nam a2200217 i 4500
001 - NÚMERO DE CONTROL
campo de control 186445
003 - IDENTIFICADOR DE NÚMERO DE CONTROL
campo de control SpMaBN
005 - FECHA Y HORA DE LA ÚLTIMA TRANSACCIÓN
campo de control 20230906222654.0
008 - DATOS DE LONGITUD FIJA--INFORMACIÓN GENERAL
campo de control de longitud fija 161114s1980 fr |||| |dfre d
080 ## - NÚMERO DE LA CLASIFICACIÓN DECIMAL UNIVERSAL
Número de la Clasificación Decimal Universal 821.133.1-14"19"
100 1# - ENTRADA PRINCIPAL--NOMBRE DE PERSONA
Nombre de persona Jammes, Francis.
9 (RLIN) 65987
245 10 - MENCIÓN DEL TÍTULO
Título Clairières dans le ciel
Resto del título : 1902-1906 /
Mención de responsabilidad, etc. Francis Jammes ; préface de Michel Décaudin.
260 ## - PUBLICACIÓN, DISTRIBUCIÓN, ETC.
Lugar de publicación, distribución, etc. [Paris] :
Nombre del editor, distribuidor, etc. Gallimard,
Fecha de publicación, distribución, etc. [1980]
300 ## - DESCRIPCIÓN FÍSICA
Extensión 208 p. ;
Dimensiones 18 cm.
490 1# - MENCIÓN DE SERIE
Mención de serie Poésie ;
Designación de volumen o secuencia 142
505 8# - NOTA DE CONTENIDO CON FORMATO
Nota de contenido con formato Contiene: ;
Título En Dieu ;
-- Tristesses ;
-- Le poète et sa femme ;
-- Poésies diverses ;
-- L'église habillée de feuilles
700 1# - ENTRADA AGREGADA--NOMBRE PERSONAL
Nombre de persona Décaudin, Michel.
9 (RLIN) 43154
830 0# - PUNTO DE ACCESO ADICIONAL DE SERIE-TÍTULO UNIFORME
Título uniforme Poésie ;
Designación de volumen o secuencia 142
9 (RLIN) 185130
852 ## - LOCALIZACIÓN
Ubicación ES-MaACL
Número de control de estantería L-30799
Nota libre . - Donat. Miguel A. Velasco
Holdings
Estatus retirado Estado de pérdida Estado de daño No para préstamo Biblioteca de origen Biblioteca actual Ubicación en estantería Fecha de adquisición Fuente de adquisición Total de préstamos Signatura topográfica completa Código de barras Visto por última vez Precio de reemplazo Tipo de ítem Koha
        Biblioteca del Ateneo de Madrid Biblioteca del Ateneo de Madrid Depósito 2 14/11/2016     L-30799 1196610 23/02/2023 23/02/2023 Libro impreso